| 000 | 01107nam a2200193Ia 4500 | ||
|---|---|---|---|
| 999 |
_c44327 _d44327 |
||
| 001 | 11086 | ||
| 003 | GE_BSU | ||
| 005 | 20200519213007.0 | ||
| 008 | 181216s1950||||ge |||||||||||||| ||geo|| | ||
| 040 | _cGE_BSU | ||
| 041 | _ageo | ||
| 080 | _a81'374.3=353.1 ქ-27 | ||
| 245 |
_aქართული ენის განმარტებითი ლექსიკონი : ტ. I. ა-ბ = Толковый словарь грузинского языка T.1 А-Б / _cმთ. რედ. გ. ახვლედიანი, სიმ. ვაჩნაძე, ვიქტ. კუპრაძე, არნ. ჩიქობავას საერთო რედაქციით. |
||
| 264 |
_aთბილისი : _bსაქ. სსრ მეცნ. აკად. გამ-ბა, _c1950. |
||
| 300 |
_a1211 გვ. ; _c28 სმ. |
||
| 653 | _aქართული ენის განმარტებითი ლექსიკონი ტ.I ა-ბ | ||
| 700 |
_aახვლედიანი, გ. _eმთავარი რედაქტორი _92910 |
||
| 942 |
_cBK _2udc |
||